00465 2200181 4500001002100000005001500021035002000036245004700056100001400103300001700117700001400134260004700148082001000195084001600205020002200221600001400243990002600257INLIS00000000000055520251110011912 a0010-11250001341 aKreasi Cantik Dari Bahan Pita /cTeo Sutan0 aTeo Sutan a112 ;c24 cm0 aTeo Sutan aYogyakarta :bLitera Media Creativa,c2020 a746.4 a746.4 TEO k a978-602-1624-66-1 4aTeo Sutan a2023/SMKMIRI/2802/001